000 02366nam0a2200361 4500
001 RU\NLR\BIBL_A\022754418
005 20260517042647.0
010 _a978-5-908102-00-1
_9500
021 _aRU
_bКН-П-26-002698
_9КН-П-26-0246
035 _a(NLR Aleph) 022754418
090 _a13704483
_c13704483
100 _a20260316d2025 k y0rusy50 ca
101 0 _arus
_aeng
_deng
102 _aRU
105 _aa z 000yy
181 0 _ai3
_baxxe
182 0 _an
200 1 _aРазработка и применение наукоемких технологий в эпоху глобальных трансформаций
_eсборник статей по итогам Всероссийской научно-практической конференции с международным участием, 04 ноября 2025 г.
_fАгентство международных исследований
_g[ответственный редактор Сукиасян Асатур Альбертович, к.э.н..]
203 _aТекст
_bвизуальный
_cнепосредственный
210 _aСтерлитамак
_cАгентство международных исследований
_d2025
215 _a201 с.
_cил.
_d21
300 _aЧасть текста и рез отд. ст. на англ. яз.
320 _aБиблиогр. в конце ст.
606 1 _aНаучные конференции
_jСборники
_yКалуга, город
_92436100
_3RU\NLR\AUTH\6601667657
686 1 _aЯ431(2Р-4Калж-2К)
702 1 _7ca
_8rus
_aСукиасян
_bА. А.
_cканд. экон. наук
_gАсатур Альбертович
_9222547
_3RU\NLR\AUTH\770222603
711 1 2 _a"Разработка и применение наукоемких технологий в эпоху глобальных трансформаций", всероссийская научно-практическая конференция с международным участием
_eКалуга
_f2025
_92701976
_3RU\NLR\AUTH\880640417
712 0 2 _4475
_aАгентство международных исследований
_cСтерлитамак
_9430803
_3RU\NLR\AUTH\880382271
942 _cBOOK
980 _aNB